|
|
|
|
| LEADER |
01216naa a2200253 i 4500 |
| 001 |
acta77024 |
| 005 |
20221110155551.0 |
| 008 |
221110s2021 hu o 1|| eng d |
| 020 |
|
|
|a 978-963-306-829-8
|
| 040 |
|
|
|a SZTE Egyetemi Kiadványok Repozitórium
|b hun
|
| 041 |
|
|
|a eng
|
| 100 |
1 |
|
|a Keczeli Viola
|
| 245 |
1 |
0 |
|a Analysis of students of the international program of the Faculty of Health Sciences through the eyes of dietitians - first results
|h [elektronikus dokumentum] :
|b [absztrakt] /
|c Keczeli Viola
|
| 260 |
|
|
|a Szegedi Tudományegyetem Egészségtudományi és Szociális Képzési Kar
|b Szeged
|c 2021
|
| 300 |
|
|
|a 53
|
| 490 |
0 |
|
|a Főiskolát és Egyetemet Végzett Ápolók Országos Kongresszusa
|v 14
|
| 650 |
|
4 |
|a Orvos- és egészségtudomány
|
| 650 |
|
4 |
|a Egészségtudományok
|
| 695 |
|
|
|a Egészséges életmód - előadáskivonat, Táplálkozás - előadáskivonat
|
| 700 |
0 |
1 |
|a Máté Orsolya
|e aut
|
| 700 |
0 |
1 |
|a Verzár Zsófia
|e aut
|
| 700 |
0 |
2 |
|a Gubicskóné Kisbenedek Andrea
|e aut
|
| 711 |
|
|
|a Főiskolát és Egyetemet Végzett Ápolók Országos Kongresszusa (14.)
|c Szeged
|d 2021
|
| 856 |
4 |
0 |
|u http://acta.bibl.u-szeged.hu/77024/1/apolok_orszagos_kongresszusa_014_053.pdf
|z Dokumentum-elérés
|